000 00408nam a2200157 i 4500
001 33919
003 ES-MaACL
005 20230906154838.0
007 t|
008 030203s1977 sp ||||1| spa d
100 1 _aBochaca, JoaquĆ­n.
_929670
245 1 3 _aEl enigma capitalista /
_cJ. Bochaca.
260 _aBarcelona :
_bBau,
_c[1977]
300 _a125 p. ;
_c21 cm.
852 _aES-MaACL
_jA-7153
_bR.95778
999 _c33919
_d33919